00379nam a2200145 450000500170000002000180001708200170003508400250005210000190007724500420009625000120013826000570015030000100020770000160021720260421101030.0 a9789360744595 a363.7bANU.P 2Colon Classification aAnubha Kaushik aPerspectives in environmental studies a8th ed. aNew Delhi:bNew age international publishers;c2025. a334p. aC P Kaushik